Detalles MARC
| 000 -CABECERA |
| campo de control de longitud fija |
01415nam a2200277 i 4500 |
| 001 - NÚMERO DE CONTROL |
| campo de control |
18351 |
| 003 - IDENTIFICADOR DEL NÚMERO DE CONTROL |
| campo de control |
DO-SdUEMH |
| 005 - FECHA Y HORA DE LA ÚLTIMA TRANSACCIÓN |
| campo de control |
20260120211532.0 |
| 007 - CAMPO FIJO DE DESCRIPCIÓN FÍSICA--INFORMACIÓN GENERAL |
| campo de control de longitud fija |
ta |
| 008 - DATOS DE LONGITUD FIJA--INFORMACIÓN GENERAL |
| campo de control de longitud fija |
260120s2021 sp a|||gr|||| 00| 0 spa d |
| 020 ## - NÚMERO INTERNACIONAL ESTÁNDAR DEL LIBRO |
| Número Internacional Estándar del Libro |
9780323597128 |
| 040 ## - FUENTE DE LA CATALOGACIÓN |
| Centro catalogador/agencia de origen |
DO-SdUEMH |
| Lengua de catalogación |
spa |
| Normas de descripción |
rda |
| 041 ## - CÓDIGO DE LENGUA |
| Código de lengua del texto/banda sonora o título independiente |
spa |
| 082 14 - NÚMERO DE LA CLASIFICACIÓN DECIMAL DEWEY |
| Colección |
Colección General |
| Número de documento/Ítem |
H174 |
| 100 #1 - ENTRADA PRINCIPAL--NOMBRE DE PERSONA |
| Término indicativo de función/relación |
autor |
| 245 ## - MENCIÓN DE TÍTULO |
| Título |
Tratado de Fisiología Médica / |
| Mención de responsabilidad, etc. |
John E. Hall |
| 250 ## - MENCIÓN DE EDICIÓN |
| Mención de edición |
Décimo cuarta edición |
| 264 #1 - PRODUCCIÓN, PUBLICACIÓN, DISTRIBUCIÓN, FABRICACIÓN Y COPYRIGHT |
| Lugar de producción, publicación, distribución, fabricación |
Barcelona, España : |
| Nombre del de productor, editor, distribuidor, fabricante |
ELSERVER, |
| Fecha de producción, publicación, distribución, fabricación o copyright |
2021 |
| 264 #4 - PRODUCCIÓN, PUBLICACIÓN, DISTRIBUCIÓN, FABRICACIÓN Y COPYRIGHT |
| Fecha de producción, publicación, distribución, fabricación o copyright |
©2021 |
| 300 ## - DESCRIPCIÓN FÍSICA |
| Extensión |
xix,1132 páginas : |
| Otras características físicas |
ilustraciones ; |
| Dimensiones |
28 cm. |
| 336 ## - TIPO DE CONTENIDO |
| Fuente |
rdacontent |
| Término de tipo de contenido |
texto |
| Código de tipo de contenido |
txt |
| 337 ## - TIPO DE MEDIO |
| Fuente |
rdamedia |
| Nombre del tipo de medio |
sin mediación |
| Código del tipo de medio |
n |
| 338 ## - TIPO DE SOPORTE |
| Fuente |
rdacarrier |
| Nombre del tipo de soporte |
volumen |
| Código del tipo de soporte |
nc |
| 505 #2 - NOTA DE CONTENIDO CON FORMATO |
| Nota de contenido con formato |
Introducción A La Fisiología: La Célula Y La Fisiología General -- Fisiología De La Membrana, El Nervio Y El Músculo -- El Corazón -- La Circulación -- Los Líquidos Corporales Y Los Riñones -- Células Sanguíneas, Inmunidad Y Coagulación Sanguínea -- Respiración -- Fisiología De La Aviación, El Espacio Y El Buceo En Profundidad -- El Sistema Nervioso: A. Principios Generales Y Fisiología De La Sensibilidad -- El Sistema Nervioso: B. Los Sentidos Especiales -- El Sistema Nervioso: C. Neurofisiología Motora E Integradora -- Fisiología Gastrointestinal -- Metabolismo Y Regulación De La Temperatura -- Endocrinología Y Reproducción -- Fisiología Del Deporte. |
| 942 ## - ELEMENTOS DE PUNTO DE ACCESO ADICIONAL (KOHA) |
| Fuente del sistema de clasificación o colocación |
Dewey Decimal Classification |
| Tipo de ítem Koha |
Libro |
| Suprimir en OPAC |
No |